[Event "Rueil Malmaison-Lille"]
[Site "Lille"]
[Date "2008.01.20"]
[Round "6.5"]
[White "Bafounta, Denis"]
[Black "Sobry, Sebastien"]
[Result "1-0"]
[WhiteElo "2317"]
[BlackElo "2069"]
[PlyCount "65"]
[EventDate "2008.01.20"]
[SourceDate "2007.10.24"]

1. d4 Nf6 2. c4 e6 3. g3 c5 4. Nf3 cxd4 5. Nxd4 a6 6. Bg2 Qc7 7. O-O Be7 8. b3
O-O 9. Bb2 d6 10. Nc3 Nc6 11. Rc1 Nxd4 12. Qxd4 Rb8 13. Rfd1 Qc5 14. Qd3 Bd7
15. e4 Ng4 16. Qe2 f5 17. h3 Nf6 18. exf5 Qxf5 19. Ba3 Ne8 20. Ne4 Qa5 21. Bxd6
Nxd6 22. Nxd6 Qc7 23. c5 Bxd6 24. cxd6 Qd8 25. Rc7 b5 26. Qe3 Rc8 27. Qa7 Rxc7
28. dxc7 Qc8 29. Qb6 e5 30. Qd6 Bxh3 31. Bxh3 Qxh3 32. Qxf8+ Kxf8 33. Rd8+ 1-0

[Event "Rueil Malmaison-Lille"]
[Site "Lille"]
[Date "2008.01.20"]
[Round "6.6"]
[White "Levaux, Christian"]
[Black "Tarchichi, Paul"]
[Result "1/2-1/2"]
[WhiteElo "2113"]
[BlackElo "2116"]
[PlyCount "36"]
[EventDate "2008.01.20"]
[SourceDate "2007.10.24"]

1. Nf3 d5 2. c4 c6 3. b3 Nf6 4. g3 g6 5. Bg2 Bg7 6. Bb2 Qb6 7. cxd5 Ne4 8. d4
cxd5 9. O-O O-O 10. Nc3 Nxc3 11. Bxc3 Nc6 12. b4 Bf5 13. Qb3 Be4 14. e3 a6 15.
Rac1 Rac8 16. Nd2 Bxg2 17. Kxg2 e6 18. a4 Rc7 1/2-1/2

[Event "Le Vesinet-Henin Beaumont"]
[Site "Le Touquet"]
[Date "2008.01.20"]
[Round "6.1"]
[White "Jessel, Stephen"]
[Black "Petitcunot, Pierre"]
[Result "0-1"]
[WhiteElo "2309"]
[BlackElo "2389"]
[PlyCount "44"]
[EventDate "2008.01.20"]
[SourceDate "2007.10.24"]

1. e4 g6 2. d4 Bg7 3. Nc3 c6 4. h3 d5 5. e5 f6 6. f4 Nh6 7. g4 fxe5 8. fxe5 c5
9. dxc5 e6 10. Nf3 O-O 11. Qe2 Nd7 12. Bg5 Qc7 13. O-O-O Qxc5 14. Bg2 Nf7 15.
Bf4 Ndxe5 16. Nxe5 Nxe5 17. Bxe5 Rf2 18. Qe1 Bxe5 19. Qxe5 Rxg2 20. Rhf1 Bd7
21. b4 Qc8 22. Rf4 Ba4 0-1

[Event "Le Vesinet-Henin Beaumont"]
[Site "Le Touquet"]
[Date "2008.01.20"]
[Round "6.2"]
[White "Friess, Nicolas"]
[Black "Deslandes, Pascal"]
[Result "1/2-1/2"]
[WhiteElo "2201"]
[BlackElo "2321"]
[PlyCount "78"]
[EventDate "2008.01.20"]
[SourceDate "2007.10.24"]

1. d4 Nf6 2. c4 g6 3. Nc3 Bg7 4. e4 d6 5. f3 O-O 6. Be3 e5 7. d5 c6 8. Bd3 a6
9. Nge2 cxd5 10. cxd5 b5 11. O-O Nbd7 12. Rc1 Nb6 13. a4 b4 14. a5 Nbd7 15. Na4
Qxa5 16. Nb6 Nxb6 17. Ra1 Na4 18. Rxa4 Qc7 19. Rxb4 Ne8 20. Qb3 f5 21. Rc1 Qe7
22. Rb8 Rxb8 23. Qxb8 fxe4 24. fxe4 Bd7 25. Qa7 Bf6 26. Bxa6 Qd8 27. b4 Rf7 28.
Qb6 Qa8 29. Qa7 Qd8 30. Bb6 Qe7 31. Bc8 Bg5 32. Qxd7 Qxd7 33. Bxd7 Rxd7 34. Rc8
Kf7 35. Rb8 Nf6 36. Nc3 Bd2 37. Rc8 Bxc3 38. Rxc3 Nxe4 39. Rc6 Nf6 1/2-1/2

[Event "Le Vesinet-Henin Beaumont"]
[Site "Le Touquet"]
[Date "2008.01.20"]
[Round "6.3"]
[White "Glod, Philippe"]
[Black "Fossier, Francois"]
[Result "1/2-1/2"]
[WhiteElo "2174"]
[BlackElo "2245"]
[PlyCount "78"]
[EventDate "2008.01.20"]
[SourceDate "2007.10.24"]

1. e4 d5 2. exd5 Qxd5 3. Nc3 Qd6 4. d4 c6 5. Nf3 Bg4 6. Bc4 Nf6 7. Be3 e6 8. h3
Bxf3 9. Qxf3 Nbd7 10. O-O-O Nb6 11. Bb3 a5 12. a3 a4 13. Ba2 Nbd5 14. Ne4 Nxe4
15. Qxe4 b5 16. Bd2 b4 17. Bxb4 Nxb4 18. axb4 a3 19. c3 Be7 20. bxa3 Rxa3 21.
Kb2 Ra8 22. Bb3 O-O 23. Ra1 Rab8 24. Kc2 Rfc8 25. Ra6 Qc7 26. Rha1 g6 27. Ra7
Rb7 28. Ra8 Rbb8 29. R8a7 Rb7 30. Ra8 Rbb8 31. Rxb8 Rxb8 32. Qe5 Bd6 33. Qa5
Bf8 34. Qe5 Qb7 35. f3 Bg7 36. Qd6 Bf8 37. Qe5 Bg7 38. Qd6 Bf8 39. Qe5 Bg7
1/2-1/2

[Event "Le Vesinet-Henin Beaumont"]
[Site "Le Touquet"]
[Date "2008.01.20"]
[Round "6.4"]
[White "Rouze, Xavier"]
[Black "Krivokapic, Ratko"]
[Result "0-1"]
[WhiteElo "2060"]
[BlackElo "2199"]
[PlyCount "106"]
[EventDate "2008.01.20"]
[SourceDate "2007.10.24"]

1. e4 c5 2. Nc3 Nc6 3. d3 g6 4. g3 Bg7 5. Bg2 d6 6. Nge2 Rb8 7. a4 e5 8. O-O
Nge7 9. Be3 O-O 10. Qd2 Nd4 11. f4 Bg4 12. h3 Bxe2 13. Nxe2 Nxe2+ 14. Qxe2 exf4
15. gxf4 Bxb2 16. Rab1 Bg7 17. f5 Nc6 18. Qd2 Qe7 19. Bg5 f6 20. Bf4 g5 21. Bg3
Nd8 22. c3 Nf7 23. Qa2 Kh8 24. d4 b6 25. Qe6 Qc7 26. Rfe1 Rfe8 27. Qd5 Rbc8 28.
Rbc1 Bf8 29. Bf1 c4 30. Be2 Nh6 31. Bh5 Red8 32. h4 gxh4 33. Bxh4 Bg7 34. Qe6
Rf8 35. Rc2 Ng8 36. Rg2 Qe7 37. Qd5 Bh6 38. e5 dxe5 39. Rxe5 Qa3 40. Re6 Qxc3
41. Qe4 Qc1+ 42. Be1 c3 43. Qb7 c2 44. Bg6 Be3+ 45. Kf1 Qxe1+ 46. Kxe1 c1=Q+
47. Ke2 Rc7 48. Qd5 Rc2+ 49. Kf3 Qf1+ 50. Kxe3 Rxg2 51. Bh5 Qf2+ 52. Kd3 Rg3+
53. Kc4 Qa2+ 0-1

[Event "Le Vesinet-Henin Beaumont"]
[Site "Le Touquet"]
[Date "2008.01.20"]
[Round "6.5"]
[White "Large, Laurent"]
[Black "Broutin, Philippe"]
[Result "1-0"]
[WhiteElo "2263"]
[BlackElo "2071"]
[PlyCount "127"]
[EventDate "2008.01.20"]
[SourceDate "2007.10.24"]

1. d4 f5 2. Nf3 Nf6 3. c4 g6 4. g3 Bg7 5. Bg2 O-O 6. Nc3 d6 7. O-O Qe8 8. d5
Na6 9. Rb1 c5 10. b3 h6 11. Bb2 g5 12. a3 Qh5 13. e3 f4 14. exf4 Bh3 15. Nxg5
Bxg2 16. Qxh5 Nxh5 17. Kxg2 hxg5 18. fxg5 Nc7 19. Rfe1 Rae8 20. a4 Bd4 21. Ne4
Bxb2 22. Rxb2 a6 23. a5 Rb8 24. b4 b5 25. bxc5 bxc4 26. Rxb8 Rxb8 27. cxd6 exd6
28. Rc1 Nxd5 29. Rxc4 Rb5 30. Ra4 Ne7 31. Nxd6 Rxg5 32. Re4 Nc6 33. Re8+ Kh7
34. Rc8 Nxa5 35. Ra8 Rg6 36. Rxa6 Nb7 37. Ra7 Rxd6 38. Rxb7+ Kg6 39. h4 Nf6 40.
Rb4 Kh5 41. Kh3 Rd2 42. f3 Rd3 43. g4+ Nxg4 44. Rb5+ Kh6 45. Kxg4 Rd1 46. Rb6+
Kg7 47. f4 Rg1+ 48. Kf5 Rh1 49. Rb7+ Kf8 50. Kg5 Rg1+ 51. Kf6 Kg8 52. f5 Rh1
53. Rb8+ Kh7 54. Kf7 Rxh4 55. f6 Re4 56. Kf8 Kg6 57. f7 Rf4 58. Rb6+ Kh7 59.
Rb1 Rh4 60. Rg1 Rh2 61. Rg7+ Kh8 62. Rg6 Rh1 63. Re6 Kh7 64. Ke7 1-0

[Event "Le Vesinet-Henin Beaumont"]
[Site "Le Touquet"]
[Date "2008.01.20"]
[Round "6.6"]
[White "Sion, Philippe"]
[Black "Imbert, Christophe"]
[Result "0-1"]
[WhiteElo "2000"]
[BlackElo "2129"]
[PlyCount "82"]
[EventDate "2008.01.20"]
[SourceDate "2007.10.24"]

1. c4 Nf6 2. Nc3 g6 3. g3 d6 4. Bg2 Bg7 5. d3 O-O 6. h3 Nbd7 7. e4 c6 8. Nge2
Rb8 9. Be3 a6 10. Qd2 e5 11. Rd1 c5 12. O-O b5 13. b3 b4 14. Na4 Ne8 15. g4 Bb7
16. Ng3 Bc6 17. Nb2 a5 18. f4 exf4 19. Rxf4 Nc7 20. Rf2 Ne6 21. Ne2 Nd4 22.
Nxd4 cxd4 23. Bg5 f6 24. Bh4 Nc5 25. e5 Bxg2 26. exf6 Bxf6 27. Bxf6 Rxf6 28.
Kxg2 Ne6 29. Na4 g5 30. Re1 Nf4+ 31. Kh2 Qc7 32. Kh1 Rh6 33. Rxf4 gxf4 34. Qxf4
Rxh3+ 35. Kg2 Rxd3 36. c5 Qg7 37. cxd6 Rf8 38. Qe4 Rd2+ 39. Kg3 Rdf2 40. Qe6+
Kh8 41. Rh1 Qg5 0-1

[Event "Le Vesinet-Henin Beaumont"]
[Site "Le Touquet"]
[Date "2008.01.20"]
[Round "6.7"]
[White "Castaignet, Laurent"]
[Black "Masztalir, Matthieu"]
[Result "0-1"]
[WhiteElo "2153"]
[BlackElo "1987"]
[PlyCount "81"]
[EventDate "2008.01.20"]
[SourceDate "2007.10.24"]

1. e4 c5 2. Nf3 e6 3. c3 d5 4. e5 Nc6 5. d4 Qb6 6. Bd3 Bd7 7. O-O Nge7 8. dxc5
Qc7 9. Bf4 Ng6 10. Bg3 Bxc5 11. b4 Be7 12. Re1 Qd8 13. Nbd2 Rc8 14. a3 a6 15.
c4 Na7 16. cxd5 exd5 17. Nd4 Nf8 18. Nf5 Bxf5 19. Bxf5 Ne6 20. Nb3 g6 21. Bg4
Nb5 22. Qd2 Rc3 23. Bxe6 fxe6 24. Nd4 Qc8 25. Nf3 Rxa3 26. Rxa3 Nxa3 27. Rc1
Nc4 28. Qh6 Bf8 29. Qf4 Qd7 30. b5 Qf7 31. Qd4 Bh6 32. Ra1 a5 33. Qc5 Qd7 34.
Bh4 Bf8 35. Qa7 Qc8 36. Bf6 Bc5 37. Qxc5 Qxc5 38. Bxh8 Qxb5 39. Ng5 Qb2 40. Rf1
Kd7 41. Nxh7 0-1

[Event "Le Vesinet-Henin Beaumont"]
[Site "Le Touquet"]
[Date "2008.01.20"]
[Round "6.8"]
[White "Belafkih, Kimia"]
[Black "Millet, Maud"]
[Result "0-1"]
[WhiteElo "1430"]
[BlackElo "1910"]
[PlyCount "122"]
[EventDate "2008.01.20"]
[SourceDate "2007.10.24"]

1. e4 d6 2. d4 Nd7 3. Nc3 e5 4. Nf3 Ngf6 5. Bc4 Be7 6. O-O O-O 7. Re1 c6 8. h3
a5 9. a4 Qc7 10. Bg5 h6 11. Bxf6 Bxf6 12. Qd2 Re8 13. d5 Nf8 14. Rad1 c5 15.
Qe3 Qe7 16. Ne2 g5 17. Nh2 Ng6 18. Qf3 Kh7 19. Ng3 Rh8 20. Nf5 Bxf5 21. Qxf5 h5
22. Be2 Kg7 23. Qf3 Rh7 24. Qe3 Rah8 25. g3 g4 26. h4 Rh6 27. f3 gxf3 28. Qxf3
Nxh4 29. gxh4 Bxh4 30. Rf1 Rg6+ 31. Kh1 Bg3 32. Rg1 Bf4 33. Rxg6+ fxg6 34. Rg1
g5 35. Qg2 Qd7 36. Nf3 Kf8 37. Nxg5 Bxg5 38. Qf3+ Bf4 39. Bb5 Qg4 40. Qxg4
hxg4+ 41. Kg2 Rh2+ 42. Kf1 g3 43. Rg2 Rh3 44. Bd7 Rh1+ 45. Ke2 Ke7 46. Bb5 Kf6
47. Kf3 Kg5 48. b3 Re1 49. Re2 Rd1 50. Bd3 Kh4 51. Kg2 Kg4 52. Bb5 Bg5 53. Bd7+
Kf4 54. Bb5 Bh4 55. Bd7 Rd4 56. Bf5 b6 57. Bg6 c4 58. Bf5 c3 59. Kf1 Kf3 60.
Bg6 g2+ 61. Rxg2 Rd1# 0-1

[Event "Arras-Issy les Moulineaux"]
[Site "Le Touquet"]
[Date "2008.01.20"]
[Round "6.1"]
[White "Andrieux, Pascal"]
[Black "Roser, Kevin"]
[Result "0-1"]
[WhiteElo "2228"]
[BlackElo "2402"]
[PlyCount "120"]
[EventDate "2008.01.20"]
[SourceDate "2007.10.24"]

1. e4 c5 2. Nc3 Nc6 3. g3 g6 4. Bg2 Bg7 5. Nge2 d6 6. d3 e5 7. h3 Nge7 8. O-O
Be6 9. Be3 Qd7 10. Kh2 O-O 11. Nd5 f5 12. c3 Rf7 13. f4 Rd8 14. Qd2 b6 15. Rac1
Rff8 16. Rfd1 Bf7 17. Nxe7+ Nxe7 18. c4 Nc6 19. Nc3 Nd4 20. b3 Rde8 21. Rf1 Be6
22. Nd5 Rb8 23. Rf2 exf4 24. Bxf4 fxe4 25. dxe4 b5 26. cxb5 Rxb5 27. Rcf1 Rbb8
28. Bh6 Rxf2 29. Rxf2 Bxd5 30. exd5 Bxh6 31. Qxh6 Re8 32. Qf4 Qe7 33. h4 Rf8
34. Qd2 Rxf2 35. Qxf2 Qe5 36. Qd2 Nf5 37. Qg5 Kg7 38. h5 Qe3 39. Qg4 Qh6 40.
Be4 Ne7 41. Qe6 Qxh5+ 42. Kg2 Kf8 43. Qf6+ Ke8 44. Qh8+ Kf7 45. Bf3 Qh6 46. Qd8
Qd2+ 47. Kh3 Nf5 48. Qd7+ Kg8 49. Qd8+ Kg7 50. Qd7+ Kh6 51. Qd8 Qe1 52. Qf8+
Kg5 53. Qd8+ Qe7 54. Qg8 Qe5 55. Qd8+ Qf6 56. Qe8 Qe7 57. Qg8 Ne3 58. Qc8 Qf6
59. Be4 Qf1+ 60. Kh2 Ng4+ 0-1

[Event "Arras-Issy les Moulineaux"]
[Site "Le Touquet"]
[Date "2008.01.20"]
[Round "6.2"]
[White "Ricbour, Jeremy"]
[Black "Goasdoue, Vincent"]
[Result "0-1"]
[WhiteElo "2161"]
[BlackElo "2141"]
[PlyCount "76"]
[EventDate "2008.01.20"]
[SourceDate "2007.10.24"]

1. b4 e6 2. Bb2 Nf6 3. b5 a6 4. a4 axb5 5. axb5 Rxa1 6. Bxa1 b6 7. Nf3 Bb7 8.
e3 d6 9. Be2 Nbd7 10. c4 e5 11. d3 Qa8 12. Nbd2 h6 13. O-O Be7 14. Ne1 O-O 15.
f3 Qa2 16. Nc2 Ra8 17. Bc3 d5 18. d4 exd4 19. Bxd4 Bc5 20. Bc3 Bd6 21. Qc1 Ne5
22. Rf2 dxc4 23. Bxe5 Bxe5 24. Nxc4 Bc3 25. Bf1 Qb3 26. Nd4 Qb4 27. Ne5 Ra1 28.
Qc2 Nd5 29. Qf5 Qe7 30. Ndc6 Bxc6 31. Nxc6 Qe6 32. Qxd5 Qxe3 33. Qc4 Be1 34.
Qe2 Qc5 35. Qe8+ Kh7 36. Qe2 Bxf2+ 37. Qxf2 Rxf1+ 38. Kxf1 Qxb5+ 0-1

[Event "Arras-Issy les Moulineaux"]
[Site "Le Touquet"]
[Date "2008.01.20"]
[Round "6.3"]
[White "Stawiarski, Edmond"]
[Black "Amalric, Yves"]
[Result "0-1"]
[WhiteElo "2124"]
[BlackElo "2171"]
[PlyCount "116"]
[EventDate "2008.01.20"]
[SourceDate "2007.10.24"]

1. d4 Nf6 2. Nf3 d5 3. Bf4 Nbd7 4. e3 Nh5 5. Bg5 h6 6. Bh4 g5 7. Nfd2 Ndf6 8.
Be2 Ng7 9. Bg3 Nf5 10. Be5 Bg7 11. c4 c6 12. Nc3 O-O 13. O-O Be6 14. c5 Nh4 15.
b4 Ng6 16. Bg3 Nd7 17. Bh5 Bf5 18. Nb3 e5 19. Rc1 Re8 20. Na5 Qc8 21. b5 exd4
22. exd4 Nf4 23. Bxf4 gxf4 24. Qa4 Nf6 25. bxc6 bxc6 26. Bf3 Re6 27. Ne2 Qc7
28. g3 Be4 29. Bxe4 Rxe4 30. Nxf4 Rc8 31. f3 Rxf4 32. gxf4 Nh5 33. Rce1 Nxf4
34. Kh1 Ne6 35. Nb3 Kh8 36. Qa5 Qf4 37. Qd2 Qxd2 38. Nxd2 Bxd4 39. Nb3 Bc3 40.
Rc1 d4 41. Rfd1 Rg8 42. Rg1 Rd8 43. Rgd1 Rd5 44. Rxc3 dxc3 45. Rxd5 cxd5 46. c6
Kg7 47. Kg1 Kf6 48. Kf2 Ke7 49. Ke3 d4+ 50. Kd3 Kd6 51. Na5 f5 52. a3 Kc7 53.
h4 Kb6 54. Nc4+ Kxc6 55. Ne5+ Kd5 56. Nf7 h5 57. Kc2 Nc5 58. Ng5 Kc4 0-1

[Event "Arras-Issy les Moulineaux"]
[Site "Le Touquet"]
[Date "2008.01.20"]
[Round "6.4"]
[White "Aveline, Philippe"]
[Black "Dessaux, David"]
[Result "1-0"]
[WhiteElo "2178"]
[BlackElo "1948"]
[PlyCount "49"]
[EventDate "2008.01.20"]
[SourceDate "2007.10.24"]

1. e4 c5 2. c3 Nf6 3. e5 Nd5 4. Nf3 e6 5. d4 cxd4 6. cxd4 Qc7 7. Bd3 Nb4 8. Be4
d5 9. exd6 Bxd6 10. Nc3 Bd7 11. a3 N4a6 12. O-O Bc6 13. Qe2 Bxe4 14. Qxe4 Qd7
15. Re1 O-O 16. Ng5 g6 17. b4 Bxh2+ 18. Kxh2 Qc7+ 19. Bf4 Qxc3 20. b5 e5 21.
Bxe5 f6 22. bxa6 Nc6 23. axb7 Rae8 24. Rac1 Qa5 25. Rxc6 1-0

[Event "Arras-Issy les Moulineaux"]
[Site "Le Touquet"]
[Date "2008.01.20"]
[Round "6.5"]
[White "Manet, Eric"]
[Black "Stambul, Adam"]
[Result "0-1"]
[WhiteElo "2023"]
[BlackElo "2144"]
[PlyCount "150"]
[EventDate "2008.01.20"]
[SourceDate "2007.10.24"]

1. e4 e5 2. Nf3 Nc6 3. Bb5 a6 4. Ba4 Nf6 5. O-O Be7 6. Re1 b5 7. Bb3 O-O 8. h3
d6 9. c3 Na5 10. Bc2 c5 11. d4 Qc7 12. Nbd2 Rb8 13. Nf1 Re8 14. Ne3 Bf8 15. d5
g6 16. Nh2 Bg7 17. Neg4 Rf8 18. Nxf6+ Bxf6 19. Ng4 Bg7 20. Nh6+ Kh8 21. Qf3 Qe7
22. Qg3 Nb7 23. Bd2 Nd8 24. Bd1 f5 25. exf5 Bxf5 26. Nxf5 gxf5 27. Bh5 Nf7 28.
Rad1 Qf6 29. a3 f4 30. Qd3 Ng5 31. Bf3 c4 32. Qe2 Rbe8 33. Be4 f3 34. Bxf3
Nxf3+ 35. Qxf3 Qxf3 36. gxf3 Rxf3 37. Kg2 Ref8 38. Be3 R3f6 39. Rg1 Bh6 40.
Bxh6 Rxh6 41. Rd2 Rg6+ 42. Kh2 Kg7 43. Rxg6+ Kxg6 44. Kg3 Kf5 45. Rd1 Ke4 46.
a4 Rf3+ 47. Kg2 Rd3 48. Re1+ Kxd5 49. axb5 axb5 50. Re2 b4 51. cxb4 Rb3 52.
Rd2+ Kc6 53. h4 d5 54. f3 Rxb4 55. Kg3 Rb3 56. Kf2 d4 57. Ke2 Kd5 58. Kf2 e4
59. fxe4+ Kxe4 60. Rc2 Kd5 61. Re2 Rh3 62. Re8 Rh2+ 63. Kf3 Rxb2 64. Rd8+ Kc5
65. Rc8+ Kb4 66. Ke4 Kc3 67. Rc7 Re2+ 68. Kd5 d3 69. Rxc4+ Kd2 70. Kd4 Rh2 71.
Ke5 Kd1 72. Kf6 d2 73. Kg7 Ke1 74. Re4+ Re2 75. Rd4 d1=Q 0-1

[Event "Arras-Issy les Moulineaux"]
[Site "Le Touquet"]
[Date "2008.01.20"]
[Round "6.6"]
[White "Deflesselle, Tanguy"]
[Black "Loyer, Angelique"]
[Result "1-0"]
[WhiteElo "2154"]
[BlackElo "1976"]
[PlyCount "73"]
[EventDate "2008.01.20"]
[SourceDate "2007.10.24"]

1. e4 c5 2. Nf3 e6 3. d4 cxd4 4. Nxd4 a6 5. Nc3 Qc7 6. Be3 Nc6 7. Be2 Nf6 8. a3
Bc5 9. Nxe6 dxe6 10. Bxc5 b5 11. Qd2 Nd7 12. Bd6 Qb6 13. Rd1 f6 14. O-O Kf7 15.
Kh1 Rd8 16. Nd5 Qb7 17. Nc7 Nc5 18. Nxa8 Nxe4 19. Qf4 Nxd6 20. Rxd6 e5 21. Qd2
Rxd6 22. Qxd6 Qxa8 23. Bf3 Bb7 24. Rd1 Ne7 25. Bxb7 Qxb7 26. Qd8 Qe4 27. c3 Qe2
28. Qd2 Qc4 29. Kg1 Qb3 30. h3 Qa4 31. Qe2 Ke6 32. Rd8 a5 33. Qd3 Qb3 34. Qd6+
Kf7 35. Rd7 Qe6 36. Qxe6+ Kxe6 37. Rb7 1-0

[Event "Arras-Issy les Moulineaux"]
[Site "Le Touquet"]
[Date "2008.01.20"]
[Round "6.7"]
[White "Degand, Alain"]
[Black "Demarre, Jacques"]
[Result "1-0"]
[WhiteElo "1976"]
[BlackElo "2196"]
[PlyCount "119"]
[EventDate "2008.01.20"]
[SourceDate "2007.10.24"]

1. d4 Nf6 2. Nf3 g6 3. Bf4 Bg7 4. e3 d6 5. Be2 O-O 6. h3 Nbd7 7. O-O Qe8 8. c4
e5 9. Bh2 Qe7 10. Nc3 a6 11. Rc1 e4 12. Nd2 c6 13. Qc2 Re8 14. b4 b6 15. Nb3
Bb7 16. Rfd1 d5 17. c5 b5 18. a4 Nf8 19. Ra1 Qd7 20. axb5 axb5 21. Ra5 Rxa5 22.
Nxa5 Ra8 23. Ra1 Ne8 24. Ra3 Ne6 25. Qa2 Ba6 26. Nxc6 Qxc6 27. Nxd5 Qb7 28. c6
Qa7 29. Bxb5 N8c7 30. Nxc7 Nxc7 31. Bxc7 Qxc7 32. Rxa6 Rxa6 33. Qxa6 Bf8 34.
Qb7 Qxb7 35. cxb7 Bd6 36. g4 Kg7 37. Kg2 f5 38. Bc6 Kf6 39. f3 exf3+ 40. Kxf3
Ke6 41. gxf5+ gxf5 42. e4 fxe4+ 43. Kxe4 h6 44. Kd3 Bc7 45. Kc4 Kd6 46. Kb5 Bb8
47. Bf3 Kc7 48. Ka6 Kd6 49. Kb6 Kd7 50. Bg4+ Kd6 51. b5 Kd5 52. Bf3+ Kd6 53. d5
Kd7 54. Bg4+ Kd8 55. Kc6 Ke7 56. b6 Bf4 57. b8=Q Bxb8 58. Kb7 Be5 59. Kc8 Kd6
60. Be6 1-0

[Event "Arras-Issy les Moulineaux"]
[Site "Le Touquet"]
[Date "2008.01.20"]
[Round "6.8"]
[White "Zoeller, Laure"]
[Black "Marciniak, Francois"]
[Result "0-1"]
[WhiteElo "1991"]
[BlackElo "1798"]
[PlyCount "76"]
[EventDate "2008.01.20"]
[SourceDate "2007.10.24"]

1. e4 c5 2. Nf3 e6 3. d4 cxd4 4. Nxd4 Bc5 5. Nb3 Bb6 6. Bd3 Nc6 7. c3 Ne5 8.
O-O Qh4 9. Nd4 Nf6 10. Nf3 Nxf3+ 11. Qxf3 Bc7 12. g3 Qh3 13. Qg2 Qg4 14. Be3 h5
15. f3 Qg6 16. Qe2 e5 17. Na3 a6 18. Rad1 d6 19. Qg2 h4 20. g4 Be6 21. b3 Nh7
22. h3 f6 23. Kh2 Ke7 24. Nc4 Qf7 25. f4 Rac8 26. f5 Bd7 27. Nb2 Bc6 28. Bc4
Qe8 29. Bd5 Bxd5 30. Rxd5 Qc6 31. c4 Bb6 32. Bc1 Ng5 33. Bxg5 fxg5 34. Qd2 Bd4
35. Qxg5+ Kf7 36. Nd3 Qb6 37. Qg6+ Kg8 38. f6 Qa7 0-1

[Event "Club 608-Neuville en Ferrain"]
[Site "Le Touquet"]
[Date "2008.01.20"]
[Round "6.1"]
[White "Carlhammar, Magnus"]
[Black "Degraeve, Jean Pierre"]
[Result "1-0"]
[WhiteElo "2335"]
[BlackElo "2151"]
[PlyCount "49"]
[EventDate "2008.01.20"]
[SourceDate "2007.10.24"]

1. Nf3 d5 2. g3 Nf6 3. Bg2 c5 4. O-O Nc6 5. d4 cxd4 6. Nxd4 e5 7. Nxc6 bxc6 8.
c4 Be7 9. Nc3 Bb7 10. cxd5 Nxd5 11. Qa4 Qd7 12. Rd1 Nxc3 13. Rxd7 Nxa4 14. Rxb7
Nc5 15. Bxc6+ Kd8 16. Rxe7 Kxe7 17. Bxa8 Rxa8 18. Be3 Ne6 19. Rd1 Rb8 20. b3
Rb7 21. Rd5 f6 22. Ra5 Nd4 23. Bxd4 exd4 24. Kg2 Rd7 25. Kf1 1-0

[Event "Club 608-Neuville en Ferrain"]
[Site "Le Touquet"]
[Date "2008.01.20"]
[Round "6.2"]
[White "Depoorter, Enguerran"]
[Black "Sohier, Julien"]
[Result "0-1"]
[WhiteElo "2208"]
[BlackElo "2272"]
[PlyCount "106"]
[EventDate "2008.01.20"]
[SourceDate "2007.10.24"]

1. e4 e6 2. Nf3 d5 3. e5 c5 4. b4 cxb4 5. a3 Nc6 6. axb4 Bxb4 7. c3 Ba5 8. d4
Nge7 9. Bd3 Nf5 10. h4 O-O 11. Rh3 f6 12. exf6 Qxf6 13. Bg5 Qf7 14. Kf1 e5 15.
dxe5 h6 16. Ra2 Ne3+ 17. Bxe3 Bxh3 18. Nd4 Bb6 19. gxh3 Nxe5 20. Na3 Nxd3 21.
Qxd3 Rae8 22. Re2 Re4 23. Nab5 Qd7 24. Bc1 a6 25. Na3 Rxh4 26. Kg2 Bxd4 27.
cxd4 Qf5 28. Qg3 Rh5 29. Re7 Qf6 30. Rxb7 Rf5 31. Be3 Rf7 32. Rxf7 Kxf7 33.
Qc7+ Qe7 34. Qxe7+ Kxe7 35. f4 Rf6 36. Kf3 Rb6 37. Ke2 Rb2+ 38. Bd2 a5 39. Kd1
a4 40. Nc2 Rb3 41. h4 Ke6 42. Bb4 g6 43. Kc1 Rh3 44. Be1 Kf5 45. Kb2 Ke4 46.
Nb4 Kxd4 47. Nc6+ Ke4 48. Ne7 d4 49. Nxg6 Rh2+ 50. Ka3 d3 51. Ne7 d2 52. Bxd2
Rxd2 53. Ng8 Rd6 0-1

[Event "Club 608-Neuville en Ferrain"]
[Site "Le Touquet"]
[Date "2008.01.20"]
[Round "6.3"]
[White "Aguirre, Simon"]
[Black "Bertrand, Xavier"]
[Result "1-0"]
[WhiteElo "2262"]
[BlackElo "2104"]
[PlyCount "72"]
[EventDate "2008.01.20"]
[SourceDate "2007.10.24"]

1. Nf3 d5 2. g3 c6 3. Bg2 Nf6 4. O-O Bg4 5. d3 Nbd7 6. c4 dxc4 7. dxc4 e5 8.
Nc3 Qc7 9. h3 Be6 10. b3 h6 11. Qc2 Be7 12. Nh4 O-O 13. Nf5 Bb4 14. Na4 Rfe8
15. c5 b5 16. cxb6 axb6 17. Bb2 Rac8 18. e4 b5 19. Nc3 Nc5 20. Ne2 Red8 21.
Rad1 Ra8 22. Nc1 Rd7 23. a3 Nxb3 24. axb4 Nxc1 25. Qxc1 Ra2 26. Qc3 Rxd1 27.
Rxd1 Nd7 28. Ra1 Qa7 29. Rxa2 Qxa2 30. Ne7+ Kh7 31. Nxc6 f6 32. Bf1 Qb1 33. Bc1
Nb6 34. Bd3 Qa2 35. Qa3 Qxa3 36. Bxa3 Bxh3 1-0

[Event "Club 608-Neuville en Ferrain"]
[Site "Le Touquet"]
[Date "2008.01.20"]
[Round "6.4"]
[White "Boudrenghien, Francois"]
[Black "De Marchi, Olivier"]
[Result "0-1"]
[WhiteElo "2112"]
[BlackElo "2213"]
[PlyCount "74"]
[EventDate "2008.01.20"]
[SourceDate "2007.10.24"]

1. d4 g6 2. c4 Bg7 3. e4 d6 4. f4 Nf6 5. Nc3 O-O 6. Nf3 c5 7. d5 b5 8. cxb5 a6
9. a4 Bb7 10. Be2 e6 11. dxe6 Nxe4 12. exf7+ Kh8 13. Nxe4 Bxe4 14. O-O axb5 15.
Bxb5 Na6 16. Ng5 Bf5 17. Qb3 Qf6 18. Qf3 Nb4 19. Kh1 Nc2 20. Bd2 Qxb2 21. Rab1
Nd4 22. Qc3 Qxc3 23. Bxc3 Bxb1 24. Rxb1 h6 25. Ne4 Nxb5 26. Bxg7+ Kxg7 27. axb5
Rxf7 28. g3 Rd7 29. Rd1 c4 30. b6 Rad8 31. Rd4 Kf7 32. b7 Rxb7 33. Rxd6 Rbd7
34. Rf6+ Kg7 35. Rc6 Rd4 36. Nc3 Re8 37. Nb5 Rd2 0-1

[Event "Club 608-Neuville en Ferrain"]
[Site "Le Touquet"]
[Date "2008.01.20"]
[Round "6.5"]
[White "Eche, Sylvain"]
[Black "Tupet, Guillaume"]
[Result "1-0"]
[WhiteElo "2186"]
[BlackElo "2051"]
[PlyCount "119"]
[EventDate "2008.01.20"]
[SourceDate "2007.10.24"]

1. e4 c5 2. Nc3 Nc6 3. g3 g6 4. Bg2 Bg7 5. d3 d6 6. Nge2 e6 7. Be3 Nd4 8. Qd2
Rb8 9. Nc1 Ne7 10. Nd1 b6 11. c3 Ndc6 12. Bh6 Bxh6 13. Qxh6 Ng8 14. Qd2 Nge7
15. O-O O-O 16. Ne3 d5 17. Ng4 dxe4 18. Nf6+ Kg7 19. Nxe4 Bb7 20. Ne2 Qd7 21.
Rad1 Rbd8 22. h4 h6 23. g4 Ne5 24. Qf4 Nxd3 25. Qf6+ Kh7 26. c4 Ng8 27. Qc3 f5
28. Nxc5 bxc5 29. Bxb7 Qxb7 30. Rxd3 Qe4 31. Re3 Qxg4+ 32. Kh2 Nf6 33. Rxe6
Qxh4+ 34. Qh3 Qxh3+ 35. Kxh3 Rde8 36. Nf4 g5 37. Rxe8 Rxe8 38. Nd3 Re2 39. Re1
Rxe1 40. Nxe1 Ne4 41. Nd3 Kg6 42. b3 Kf6 43. f3 Nc3 44. a4 Nb1 45. Nxc5 Nd2 46.
Kg2 Ke7 47. Kf2 Kd6 48. Nb7+ Kc7 49. Na5 h5 50. b4 h4 51. c5 Kd7 52. b5 h3 53.
Nc6 h2 54. Kg2 Nxf3 55. Nxa7 Nd4 56. b6 f4 57. Kxh2 g4 58. a5 Ne6 59. c6+ Kd6
60. a6 1-0

[Event "Club 608-Neuville en Ferrain"]
[Site "Le Touquet"]
[Date "2008.01.20"]
[Round "6.6"]
[White "Stevens, Christian"]
[Black "Mendeiros, Jerome"]
[Result "1/2-1/2"]
[WhiteElo "2135"]
[BlackElo "2134"]
[PlyCount "53"]
[EventDate "2008.01.20"]
[SourceDate "2007.10.24"]

1. e4 c5 2. Nc3 Nc6 3. g3 g6 4. Bg2 Bg7 5. d3 d6 6. Be3 e6 7. Qd2 Nd4 8. f4 Ne7
9. Nf3 Nec6 10. O-O O-O 11. Rab1 Rb8 12. Ne2 b6 13. c3 Nxe2+ 14. Qxe2 Ba6 15.
g4 d5 16. e5 d4 17. cxd4 Nxd4 18. Bxd4 cxd4 19. Ng5 Qe7 20. Rbc1 Rbc8 21. Ne4
f6 22. exf6 Bxf6 23. Nxf6+ Qxf6 24. g5 Qf5 25. Be4 Qh3 26. Bg2 Qf5 27. Be4
1/2-1/2